Freedom-Loving People Should Defend the Rule of Law in Poland
Právo a justícia verzus právny štát. Index právnosti štátu (Rule of Law Index) v Poľsku podľa World Justice Project, osobná a ekonomická sloboda. Vyhliadky do budúcnosti.
Enregistré dans:
| Auteur principal: | |
|---|---|
| Format: | Chapitre de livre |
| Langue: | anglais |
| Sujets: | |
| Tags: |
Pas de tags, Soyez le premier à ajouter un tag!
|
MARC
| LEADER | 00000nla a2200000 4500 | ||
|---|---|---|---|
| 001 | 0246319 | ||
| 005 | 20220801090623.4 | ||
| 041 | 0 | |a eng | |
| 044 | |a PL | ||
| 245 | 1 | 0 | |a Freedom-Loving People Should Defend the Rule of Law in Poland |c Marek Tatała |
| 520 | |a Právo a justícia verzus právny štát. Index právnosti štátu (Rule of Law Index) v Poľsku podľa World Justice Project, osobná a ekonomická sloboda. Vyhliadky do budúcnosti. | ||
| 610 | 2 | 0 | |a sloboda |
| 610 | 2 | 0 | |a politika |
| 610 | 2 | 0 | |a právo |
| 610 | 2 | 0 | |a spravodlivosť |
| 610 | 2 | 0 | |a štát právny |
| 610 | 2 | 0 | |a sloboda ekonomická |
| 610 | 2 | 0 | |a Poľsko |
| 610 | 2 | 0 | |a vláda |
| 100 | 1 | |a Tatała, Marek | |